Score 0/10 Timer 02:00
0 Plays Today
Hint Answer % Correct
Most Populous Countries???
72.6%
Population Density???
71.3%
Highest Point???
70.7%
Life Expectancy???
64%
Most Peaceful Countries (GPI)???
57.3%
Percentage Of Forest Area???
48.2%
Highest Incarceration Rate???
45.1%
Happy Planet Index???
36.6%
Road Network Size???
36%
Immigrants As Percentage Of National Population???
32.9%
Remove Ads.
Support Sporcle.
Get the best of Sporcle when you Go Orange. This ad-free experience offers more features, more stats, and more fun while also helping to support Sporcle. Thank you for becoming a member.

You're not logged in!

Compare scores with friends on all Sporcle quizzes.
OR
Log In

Show Comments

Extras

Top Quizzes Today


Score Distribution

Your Account Isn't Verified!

In order to create a playlist on Sporcle, you need to verify the email address you used during registration. Go to your Sporcle Settings to finish the process.

Report this User

Report this user for behavior that violates our Community Guidelines.

Details: